000 00200nam a22000857a 4500
008 161207b xxu||||| |||| 00| 0 eng d
100 _91927
_aZakhoder.B
245 _aThe Wolf Who Sang Songs
260 _c1980
999 _c4693
_d4693